Indian Politics: Protests and Movements / (Record no. 32943)
[ view plain ]
| 000 -LEADER | |
|---|---|
| fixed length control field | 00778nam a2200277Ia 4500 |
| 001 - CONTROL NUMBER | |
| control field | 32961 |
| 005 - DATE AND TIME OF LATEST TRANSACTION | |
| control field | 20240114001628.0 |
| 007 - PHYSICAL DESCRIPTION FIXED FIELD--GENERAL INFORMATION | |
| fixed length control field | ta |
| 008 - FIXED-LENGTH DATA ELEMENTS--GENERAL INFORMATION | |
| fixed length control field | 061201s2003 a g b000 u 465 u |
| 020 ## - INTERNATIONAL STANDARD BOOK NUMBER | |
| International Standard Book Number | 81-261-1565-3 |
| 040 ## - CATALOGING SOURCE | |
| Original cataloging agency | SKBL Cotton College |
| 041 ## - LANGUAGE CODE | |
| Language code of text/sound track or separate title | 465 |
| 082 ## - DEWEY DECIMAL CLASSIFICATION NUMBER | |
| Classification number | 320.054 |
| Item number | Ya 26 In |
| 100 ## - MAIN ENTRY--PERSONAL NAME | |
| Personal name | Yasin , Mohammad . |
| 245 #0 - TITLE STATEMENT | |
| Title | Indian Politics: Protests and Movements / |
| Statement of responsibility, etc. | Mohammad Yasin & Srinanda Dasgupta. |
| Medium | Textual Documents |
| 250 ## - EDITION STATEMENT | |
| Edition statement | 1st ed. / |
| 260 ## - PUBLICATION, DISTRIBUTION, ETC. | |
| Place of publication, distribution, etc. | New Delhi : |
| Name of publisher, distributor, etc. | Anmol Publications , |
| Date of publication, distribution, etc. | 2003. |
| 300 ## - PHYSICAL DESCRIPTION | |
| Extent | xi,278p. : |
| Other physical details | ill ; |
| Dimensions | 22cm . |
| 504 ## - BIBLIOGRAPHY, ETC. NOTE | |
| Bibliography, etc. note | Index |
| 653 ## - INDEX TERM--UNCONTROLLED | |
| Uncontrolled term | Politics-India |
| 653 ## - INDEX TERM--UNCONTROLLED | |
| Uncontrolled term | MS-Political Science |
| 700 ## - ADDED ENTRY--PERSONAL NAME | |
| Personal name | Dasgupta, Srinanda . |
| 942 ## - ADDED ENTRY ELEMENTS (KOHA) | |
| Source of classification or shelving scheme | Dewey Decimal Classification |
| Koha item type | Books |
| Withdrawn status | Lost status | Damaged status | Not for loan | Collection | Home library | Current library | Date acquired | Coded location qualifier | Total checkouts | Full call number | Barcode | Date last seen | Copy number | Price effective from | Koha item type |
|---|---|---|---|---|---|---|---|---|---|---|---|---|---|---|---|
| Dr. Suryya Kumar Bhuyan Library | Dr. Suryya Kumar Bhuyan Library | 01/02/2012 | 00000 | 320.054 Ya 26 In | 482/Pol.Sc | 14/01/2024 | 1 | 01/02/2012 | Books |
